| 000 | 01965nam0a2200397 4500 | ||
|---|---|---|---|
| 001 | RU\NLR\bibl\954218 | ||
| 005 | 20250614202107.0 | ||
| 010 |
_a5-7271-0737-7 _9200 |
||
| 021 |
_aRU _b2006-18086 _9902 |
||
| 035 | _a(nilc)EL/0000061844 | ||
| 035 | _a67.628-842419 | ||
| 035 | _a(NLR Aleph) 000942299 | ||
| 090 |
_a227539 _c227539 |
||
| 100 | _a20060428d2005 |||y0rusy50 ca | ||
| 101 | 0 | _arus | |
| 102 | _aRU | ||
| 105 | _ay ||||||||| | ||
| 200 | 1 |
_aПроблемы ответственности за преступления, совершаемые в состоянии аффекта _e(уголовно-правовой и криминологический аспекты) _fО. И. Куленко _gФедер. агентство по образованию, Гос. образоват. учреждение высш. проф. образования "Челяб. гос. ун-т" |
|
| 210 |
_aЧелябинск _cЧелябинский государственный университет _d2005 |
||
| 215 |
_a151 с. _d20 |
||
| 320 | _aБиблиогр.: с. 145-151 и в подстроч. примеч. | ||
| 606 | 1 |
_aПреступления, совершенные в состоянии аффекта _xУголовная ответственность _yРоссийская Федерация _92426520 _3RU\NLR\auth\661444623 |
|
| 610 | 1 | _aпреступления совершенные в состоянии аффекта | |
| 610 | 1 | _aаффект (юрид.) | |
| 610 | 1 | _aуголовная ответственность | |
| 686 |
_a67.628.101.1 _vLBC/RL _2rubbk |
||
| 686 |
_a10.77.21 _2rugasnti |
||
| 686 | _aХ628.101.101 | ||
| 700 | 1 |
_aКуленко _bО. И. _gОлег Иванович _4070 |
|
| 801 | 0 |
_aRU _bЧелябинская ОУНБ _c20060428 |
|
| 801 | 1 |
_aRU _bЧелябинская ОУНБ _c20060428 |
|
| 801 | 2 |
_aRU _bNLR _c20060529 _grcr |
|
| 942 | _cBOOK | ||
| 980 | _aNB | ||